000 00566nam a22001937a 4500
003 dpl
005 20180705161034.0
008 180705b xxu||||| |||| 00| 0 eng d
020 _a8170943094
_c0.00
035 _aA-996841
040 _aDPL
_bEN
_c0
082 _a954.003
100 _aMansingh, Surjit
245 _aHistorical dictionary of India/
_cby Surjit Mansingh
260 _aNew Delhi
_bVision Book Pvt Ltd.
_c1998
300 _axxxxiv, 505p.
_bincludes maps
_c22cm.
500 _aIncluding 3appendix
942 _2ddc
_cEN
_h954.003
_mMAN
999 _c153443
_d153443